Potere ed ordinamento nell'esperienza costituzionale romana
Na minha lista:
| Autor principal: | |
|---|---|
| Formato: | Livro |
| Idioma: | Língua italiana |
| Publicado em: |
Turín
G. Giappichelli
1996
|
| Edição: | 3a. ed |
| Assuntos: | |
| Tags: |
Adicionar Tag
Sem tags, seja o primeiro a adicionar uma tag!
|
MARC
| LEADER | 00000nam a2200000 a 4500 | ||
|---|---|---|---|
| 001 | UCO3030 | ||
| 003 | CL-VaPUC | ||
| 008 | 000610e19960000IT |||||||||||||||||ita|d | ||
| 082 | 0 | 4 | |a 340.54 |b CER |2 21 |
| 100 | 0 | |a Cerami, Pietro |e author |9 446848 | |
| 245 | 1 | 0 | |a Potere ed ordinamento nell'esperienza costituzionale romana |
| 250 | |a 3a. ed | ||
| 300 | |a 229 p | ||
| 942 | |c BK | ||
| 945 | |d 20000610 00:00:00 |a vberengu | ||
| 260 | |a Turín |b G. Giappichelli |c 1996 | ||
| 650 | 0 | |a Derecho romano |9 255930 | |
| 650 | 7 | |a INTERPRETACION DEL DERECHO |2 CL-VaPUC |9 446849 | |
| 650 | 0 | |a Ordenamiento jurídico |9 355371 | |
| 650 | 7 | |a PODER |2 CL-VaPUC |9 446850 | |
| 583 | |a last modification |c 20000610 00:00:00 |k Rodrigo Vera | ||
| 999 | |c 289509 |d 289507 | ||
| 952 | |0 0 |1 0 |4 0 |6 340_540000000000000_CER_1996 |7 0 |8 DER_ROM |9 337955 |a BIBDER |b BIBDER |d 2019-11-20 |i 3593630 |l 1 |o 340.54 CER 1996 |p 3593630 |r 2023-01-25 |s 2020-03-19 |w 2019-11-20 |x Ubicación 4to piso |y BK |z Este recurso debe solicitarse con anticipación |k DER | ||